Revenue a yield manažment
USA kolískou revenue a yield manažmentu (RYM). Odštartovanie uplatňovania RYM v leteckom priemysle. Implementácia RYM v hotelovom priemysle - v hotelovom reťazci Marriot International. Predaj hotelovej izby v správnom čase správnemu klientovi za správnu cenu. Práca RYM tímu na čele so skúseným reven...
Saved in:
| Main Author: | |
|---|---|
| Format: | Book Chapter |
| Language: | Slovak |
| Subjects: | |
| Tags: |
No Tags, Be the first to tag this record!
|
MARC
| LEADER | 00000naa a2200000 4500 | ||
|---|---|---|---|
| 001 | 0241234 | ||
| 005 | 20180319093536.4 | ||
| 041 | 0 | |a slo | |
| 044 | |a SK | ||
| 245 | 1 | 0 | |a Revenue a yield manažment |c Radim Beneš |
| 520 | |a USA kolískou revenue a yield manažmentu (RYM). Odštartovanie uplatňovania RYM v leteckom priemysle. Implementácia RYM v hotelovom priemysle - v hotelovom reťazci Marriot International. Predaj hotelovej izby v správnom čase správnemu klientovi za správnu cenu. Práca RYM tímu na čele so skúseným revenue manažérom. | ||
| 610 | 2 | 0 | |a hotelierstvo |
| 610 | 2 | 0 | |a hotely |
| 610 | 2 | 0 | |a manažment |
| 610 | 2 | 0 | |a manažéri |
| 610 | 2 | 0 | |a výnosy |
| 610 | 2 | 0 | |a zisk |
| 610 | 2 | 0 | |a tímy pracovné |
| 610 | 2 | 0 | |a predaj |
| 610 | 2 | 0 | |a služby |
| 100 | 1 | |a Beneš, Radim | |